Psicología contemporánea
Saved in:
| Format: | Bog |
|---|---|
| Sprog: | spansk |
| Udgivet: |
Madrid
Blume
1975
|
| Serier: | Seleccciones de Scientific American
|
| Fag: | |
| Tags: |
Tilføj Tag
Ingen Tags, Vær først til at tagge denne postø!
|
MARC
| LEADER | 00000nam a2200000 a 4500 | ||
|---|---|---|---|
| 001 | UCY5625 | ||
| 003 | CL-VaPUC | ||
| 008 | 950512e19750000SP |||||||||||||||||spa|d | ||
| 082 | 0 | 4 | |a 150 |b PSI |2 21 |
| 245 | 1 | 0 | |a Psicología contemporánea |
| 300 | |a 554 p | ||
| 942 | |c BK | ||
| 945 | |d 19950512 00:00:00 |a mfernand | ||
| 260 | |a Madrid |b Blume |c 1975 | ||
| 650 | 0 | |a Psicología |9 257863 | |
| 650 | 0 | |a Comportamiento |9 308406 | |
| 650 | 7 | |a PSICOFISIOLOGIA |2 CL-VaPUC |9 307700 | |
| 650 | 7 | |a PSICOLOGIA DE LOS PROCESOS SENSORIALES |2 CL-VaPUC |9 334608 | |
| 650 | 0 | |a Aprendizaje |9 254827 | |
| 650 | 0 | |a Psicología del desarrollo |9 307541 | |
| 650 | 0 | |a Memoria |9 266549 | |
| 650 | 0 | |a Conciencia |9 309452 | |
| 650 | 0 | |a Personalidad |9 307255 | |
| 650 | 0 | |a Trastornos de la personalidad |9 307698 | |
| 650 | 0 | |a Influencia social |9 309315 | |
| 583 | |a last modification |c 19950512 00:00:00 |k Rodrigo Vera | ||
| 490 | 0 | |a Seleccciones de Scientific American | |
| 999 | |c 233257 |d 233255 | ||
| 952 | |0 0 |1 0 |4 0 |6 150_000000000000000_PSI_1975 |7 0 |8 P |9 238652 |a BIBEDU |b BIBEDU |c BIBEDU_PB |d 2019-11-18 |i 1503359 |o 150 PSI 1975 |p 1503359 |r 2024-01-25 |w 2019-11-18 |y BK |k EDU | ||
| 952 | |0 0 |1 0 |4 0 |6 150_000000000000000_PSI_1975 |7 0 |8 P |9 238653 |a BIBEDU |b BIBEDU |c BIBEDU_PB |d 2019-11-18 |i 1503367 |o 150 PSI 1975 |p 1503367 |r 2024-01-25 |w 2019-11-18 |y BK |k EDU | ||
| 952 | |0 0 |1 0 |4 0 |6 150_000000000000000_PSI_1975 |7 0 |8 P |9 238654 |a BIBEDU |b BIBEDU |c BIBEDU_PB |d 2019-11-18 |i 1503375 |o 150 PSI 1975 |p 1503375 |r 2024-01-25 |w 2019-11-18 |y BK |k EDU | ||
| 952 | |0 0 |1 0 |4 0 |6 150_000000000000000_PSI_1975 |7 0 |8 P |9 238655 |a BIBEDU |b BIBEDU |c BIBEDU_PB |d 2019-11-18 |i 1503383 |o 150 PSI 1975 |p 1503383 |r 2024-01-25 |w 2019-11-18 |y BK |k EDU | ||
| 952 | |0 0 |1 0 |4 0 |6 150_000000000000000_PSI_1975 |7 0 |8 P |9 238656 |a BIBEDU |b BIBEDU |c BIBEDU_PB |d 2019-11-18 |i 1503391 |o 150 PSI 1975 |p 1503391 |r 2024-01-25 |w 2019-11-18 |y BK |k EDU | ||